El santo desierto de Tenantzingo... /

Shranjeno v:
Bibliografske podrobnosti
Glavni avtor: Palacio, Luis de (autor)
Format: Knjiga
Jezik:španščina
Teme:
Oznake: Označite
Brez oznak, prvi označite!

MARC

LEADER 00000nam^a2200000^a^4500
001 000105517
005 20250521000000.0
009 20260310093502.434
037 |a Acervo ITESO - Biblioteca 
041 |a ESP 
082 |a 255. 7300972  |b PAL 
100 |a Palacio, Luis de,  |e (autor) 
245 1 3 |a El santo desierto de Tenantzingo... /  |c L.R. de Palacio y Basave. 
264 |a México :  |b Vera,  |c 1965 
300 |a 264 p. 
336 |a texto  |b txt  |2 rdacontenido 
337 |a sin mediación  |b n  |2 rdamedio 
338 |a volumen  |b nc  |2 rdasoporte 
649 |a XX 
650 |a Carmelitas en México -  |x Historia 
650 |a Monasticismo y Ordenes Religiosas -  |z México -  |x Historia 
650 |a Iglesia Católica en México -  |x Historia 
650 |a Catolicismo 
650 |a Cristianismo 
650 |a Religión 
910 |a Fondo Jesús Rodríguez 
920 |a Impresos - Libros 
930 |a Fondos Especiales 
905 |a 113 
901 |a 0500041680  |b IT2  |c ESP  |u 20250521 
902 |a https://opac.biblio.iteso.mx/vufind/Record/000105517